000
00265nam a22001217a 4500
008
170222b xxu||||| |||| 00| 0 srb d
041
_a
srb
080
_a
616.31
100
_a
5
101
_a
SHS
245
_a
KLINICKA ENDODONCIJA
_c
NJEMIROVSKIJ, Z
942
_2
udc
_c
BK
999
_c
6063
_d
6063